000 02102nam1a2200337 i 4500
001 RU\NLR\bibl\227728
005 20260406145856.0
035 _a(NLR Aleph) 000223715
090 _a1300825
_c1300825
100 _a20020211g20019999k c0rusy50 ca
101 0 _arus
102 _aRU
105 _aa |||||||||
200 1 _aИсследования эколого-географических проблем природопользования для обеспечения территориальной организации и устойчивости развития нефтегазовых регионов России: Теория, методы и практика
_e[Сб. материалов I Всерос. науч.-практ. конф., состоявшейся в г. Нижневартовске, 14-16 нояб. 2000 г.
_fОтв. ред. Ф.Н. Рянский, д.г.н., проф. и др.]
210 _aНижневартовск
_cНГПИ
_d2001
215 _d28
300 _aВ надзаг.: Администрация Ханты-Манс. авт. округа, Рос. акад. наук (Ханты-Манс. регион. отд-ние межотрасл. экол.-экон. исслед.), Нижневарт. гос. пед. ин-т и др.
300 _aНа тит. л.: Посвящается 70-летию Ханты-Манс. авт. округа
309 _aТ. 1 вышел не нумеров.
463 0 _1001213683
606 0 _aНефтегазоносные районы
_jСборники
_xЭколого-географические исследования
_yРоссийская Федерация
_92233195
_3RU\NLR\auth\661340326
686 _aУ28(2)я43
686 _aД454.1-8
702 1 _aРянский
_bФ. Н.
_4340
712 0 1 _4570
_aХанты-Мансийский автономный округ
_bАдминистрация
_3RU\NLR\AUTH\889925289
_9346361
801 0 _aRU
_bNLR
_c20020211
_gPSBO
801 1 _aRU
_bNLR
_c20020211
852 _aNLR
_j2001-8/2228
942 _cBOOK